Speed Geography: Countries A-E Quiz Stats

 Plays Quiz Updated Dec 28, 2018

Score 0/57 Timer 03:00
1 Play Today
% Correct
Australia
84.7%
Denmark
72.1%
Argentina
69.9%
Austria
69.7%
Canada
68.8%
Algeria
68.7%
Albania
68.1%
China
67.9%
Brazil
66.7%
Andorra
66.3%
Belgium
64.7%
Chile
64.5%
Ethiopia
63.4%
Azerbaijan
63.3%
Armenia
63.1%
Angola
62.2%
Estonia
62%
Afghanistan
61.7%
Egypt
61.2%
Eritrea
60.4%
Ecuador
58.7%
Chad
56.4%
Colombia
56.3%
Bolivia
56.1%
Cuba
55.6%
Antigua and Barbuda
55.4%
Belize
55%
Bahamas
54.6%
Bhutan
51.6%
% Correct
Barbados
50.9%
Cambodia
50.6%
Djibouti
50.3%
Dominica
50.3%
Belarus
48.9%
Dominican Republic
48.3%
Botswana
47.3%
Croatia
47.2%
Czechia
46.7%
El Salvador
46.3%
Cameroon
46.3%
Benin
46.1%
Costa Rica
45.4%
Bulgaria
45.4%
Bahrain
44%
Democratic Republic of the Congo
43.5%
Bangladesh
43.4%
Brunei
41.7%
Bosnia and Herzegovina
41.4%
Burundi
40.7%
Central African Republic
40.2%
Cyprus
37.4%
Comoros
36.9%
Burkina Faso
32.9%
Equatorial Guinea
30.3%
Cabo Verde
27.1%
Cote d'Ivoire
25.8%
eSwatini
21.6%

You're not logged in!

Compare scores with friends on all Sporcle quizzes.
OR
Log In

You Might Also Like...

Show Comments

Extras

Top Quizzes Today


Score Distribution

Your Account Isn't Verified!

In order to create a playlist on Sporcle, you need to verify the email address you used during registration. Go to your Sporcle Settings to finish the process.

Report this User

Report this user for behavior that violates our Community Guidelines.

Details: